000 01017nam a22002057a 4500
999 _c62812
_d62812
003 Ge_BSU
005 20250226152239.0
008 250226s1968 ge ||||| |||| 00| 0 geo d
041 _ageo
080 _a616.21(075.8) ჩ-23
100 _aჩარგეიშვილი, არჩილ
_924422
245 _aყურის, ცხვირისა და ყელის დაავადებანი :
_b[სახელმძღვ. სამედ. ინ-ტის სტუდენტებისათვის] /
_c არჩილ ჩარგეიშვილი.
250 _aმე-2 გადამუშ. გამოც.
264 _aთბილისი :
_bგანათლება,
_c1968.
300 _a379 გვ. :
_b ილ. ;
_c22 სმ.
653 _aყელ-ყურ-ცხვირის დაავადებები
653 _aმედიცინა
653 _aოტორინოლარინგოლოგია
942 _2udc
_cᲬᲘᲒᲜᲘ